[Event "DEM U10 2012"]
[Site "Oberhof GER"]
[Date "2012.05.31"]
[Round "8"]
[White "Rößler, Lukas"]
[Black "Vaintroub, Maximilian"]
[Result "1-0"]
[Termination "normal"]
[Board "12"]
[WhiteElo "1515"]
[BlackElo "1302"]
[PlyCount "151"]
[WhiteFideId "12938718"]
[BlackFideId "12942510"]
[EventCountry "GER"]
[EventRounds "11"]
[EventType "swiss"]
[EventDate "2012.05.26"]

1. e4 c5 2. Nf3 Nc6 3. d4 cxd4 4. Nxd4 g6 5. Nc3 Bg7 6. Be3 Nf6 7. Bc4 Qa5 8.
O-O O-O 9. Nb3 Qd8 10. f4 e6 11. e5 Ne8 12. Bc5 Ne7 13. Nb5 b6 14. Ba3 a6 15.
Nd6 b5 16. Be2 Qb6+ 17. Bc5 Qd8 18. Bf3 Rb8 19. Ba7 Rb6 20. Nxc8 Nxc8 21. Bxb6
Qxb6+ 22. Qd4 Qxd4+ 23. Nxd4 d6 24. Nc6 d5 25. c3 Bh6 26. g3 Ng7 27. Bg4 Nb6
28. Ne7+ Kh8 29. Nc6 Nc4 30. Rf2 g5 31. Re1 f5 32. Bd1 gxf4 33. gxf4 Rg8 34.
Kf1 Rc8 35. Nd4 Rb8 36. Nc6 Rc8 37. Nb4 a5 38. Nd3 Rg8 39. b3 Nb6 40. Ke2 Rc8
41. Kd2 a4 42. Be2 axb3 43. axb3 Rb8 44. Ra1 Ne8 45. Ra5 Nc7 46. Nc5 Bf8 47.
Nd3 Rd8 48. Ke3 Re8 49. Kd4 Rb8 50. Nb4 Nba8 51. Na6 Nxa6 52. Rxa6 Rc8 53. b4
Nc7 54. Rc6 Kg8 55. Ke3 Kf7 56. Kf3 Ke7 57. Bxb5 Kd7 58. Rd6+ Ke7 59. Rd7+ Ke8
60. Rxc7+ Kd8 61. Rd7+ Ke8 62. Rxh7+ Kd8 63. Rd7+ Ke8 64. Rxd5+ Ke7 65. Rc5
Rxc5 66. bxc5 Kd8 67. c6 Kc7 68. Rg2 Bd6 69. Rg7+ Be7 70. Rxe7+ Kd8 71. c7+
Kxe7 72. c8=Q Kf7 73. Be8+ Kg7 74. Qxe6 Kh7 75. Qf6 Kg8 76. Qe7 1-0

[Event "DEM U10 2012"]
[Site "Oberhof GER"]
[Date "2012.05.31"]
[Round "8"]
[White "Suvorov, Luca"]
[Black "Mertens, Yannick"]
[Result "1-0"]
[Termination "normal"]
[Board "13"]
[WhiteElo "1255"]
[BlackElo "1701"]
[PlyCount "73"]
[WhiteFideId "12977071"]
[BlackFideId "12947865"]
[EventCountry "GER"]
[EventRounds "11"]
[EventType "swiss"]
[EventDate "2012.05.26"]

1. d4 d5 2. Nf3 Bg4 3. e3 Nc6 4. c4 e5 5. h3 Bxf3 6. Qxf3 exd4 7. cxd5 Nce7 8.
Bb5+ c6 9. Bc4 Nf6 10. exd4 cxd5 11. Bb5+ Nc6 12. O-O Be7 13. Nc3 O-O 14. Bxc6
bxc6 15. Bg5 Re8 16. Rfe1 h6 17. Bh4 Kf8 18. Re2 Ne4 19. Bxe7+ Qxe7 20. Rae1
Qf6 21. Nxe4 Qxf3 22. gxf3 dxe4 23. Rxe4 Rxe4 24. fxe4 Rd8 25. Rd1 c5 26. d5
Ke7 27. f4 f6 28. Kf2 g5 29. Kf3 Kf7 30. e5 Rc8 31. fxg5 hxg5 32. e6+ Ke7 33.
Ke4 Rh8 34. Kf5 Rd8 35. d6+ Ke8 36. Kxf6 c4 37. d7+ 1-0

[Event "DEM U10 2012"]
[Site "Oberhof GER"]
[Date "2012.05.31"]
[Round "8"]
[White "Pajeken, Jakob Leon"]
[Black "Heckmann, Till"]
[Result "0-1"]
[Termination "normal"]
[Board "14"]
[WhiteElo "1385"]
[BlackElo "1282"]
[PlyCount "52"]
[WhiteFideId "12942839"]
[BlackFideId "12987093"]
[EventCountry "GER"]
[EventRounds "11"]
[EventType "swiss"]
[EventDate "2012.05.26"]

1. e4 e6 2. d4 d5 3. exd5 exd5 4. Nf3 Bd6 5. Bd3 Nc6 6. O-O Nge7 7. c3 Bg4 8.
Be3 Qd7 9. Nbd2 O-O-O 10. Qc2 Rhg8 11. c4 Nb4 12. Qb3 Nxd3 13. Qxd3 Bxf3 14.
Nxf3 f6 15. c5 Bxh2+ 16. Nxh2 g5 17. Bd2 h5 18. Rfe1 g4 19. Nf1 h4 20. Qe3 Nf5
21. Qe6 Qxe6 22. Rxe6 Nxd4 23. Rxf6 Ne2+ 24. Kh1 g3 25. f3 h3 26. gxh3 g2+ 0-1

[Event "DEM U10 2012"]
[Site "Oberhof GER"]
[Date "2012.05.31"]
[Round "8"]
[White "Schütze, Tim"]
[Black "Shen, Julian"]
[Result "0-1"]
[Termination "normal"]
[Board "15"]
[WhiteElo "1231"]
[BlackElo "1383"]
[PlyCount "150"]
[WhiteFideId "12939706"]
[BlackFideId "12942898"]
[EventCountry "GER"]
[EventRounds "11"]
[EventType "swiss"]
[EventDate "2012.05.26"]

1. e4 d5 2. exd5 Qxd5 3. Nc3 Qa5 4. Nf3 Nf6 5. d4 c6 6. Bc4 Bf5 7. O-O e6 8.
Bd2 Qc7 9. Re1 Be7 10. Bb3 O-O 11. Qe2 Nbd7 12. Nd1 Rfd8 13. c4 Nf8 14. Nc3 Bg4
15. Rad1 Bxf3 16. Qxf3 Rxd4 17. Bg5 Rxd1 18. Rxd1 Ng6 19. Rd2 Rd8 20. Rxd8+
Qxd8 21. Ne4 Nxe4 22. Bxe7 Nxe7 23. Qxe4 Qd2 24. Qb1 Ng6 25. h3 Nf4 26. Qe4 Nd3
27. Qd4 Qe1+ 28. Kh2 Qe5+ 29. Qxe5 Nxe5 30. a3 Nd3 31. Kg3 Nxb2 32. Kf3 Nd3 33.
Ke3 Nc5 34. Bc2 h6 35. Kd4 Nd7 36. Ke4 Kf8 37. Kd4 Ke7 38. Ke4 Kd6 39. Kd4 f5
40. f4 a6 41. a4 b5 42. axb5 axb5 43. Bd3 c5+ 44. Kc3 b4+ 45. Kb3 Nb6 46. Be2
e5 47. g3 exf4 48. gxf4 g5 49. fxg5 hxg5 50. Bh5 Ke5 51. Be2 f4 52. Bf3 Kd4 53.
Be2 Ke3 54. Bf1 f3 55. Ka2 Kd2 56. Kb3 f2 57. Kb2 Ke1 58. Bd3 f1=Q 59. Bxf1
Kxf1 60. Kc2 Nxc4 61. Kb3 Kg2 62. Kxc4 Kxh3 63. Kb3 g4 64. Kc4 g3 65. Kb3 g2
66. Kc4 g1=Q 67. Kb3 Kg3 68. Kc4 Qd1 69. Kxc5 Kf4 70. Kxb4 Qc2 71. Kb5 Ke4 72.
Kb4 Kd5 73. Ka5 Qb3 74. Ka6 Kc6 75. Ka7 Qb7# 0-1

[Event "DEM U10 2012"]
[Site "Oberhof GER"]
[Date "2012.05.31"]
[Round "8"]
[White "Baltic, Fatih"]
[Black "Fesselier, Chelsea"]
[Result "1-0"]
[Termination "normal"]
[Board "16"]
[WhiteElo "1379"]
[BlackElo "1228"]
[PlyCount "189"]
[WhiteFideId "12979090"]
[BlackFideId "26024624"]
[EventCountry "GER"]
[EventRounds "11"]
[EventType "swiss"]
[EventDate "2012.05.26"]

1. e4 c5 2. Nf3 e6 3. d4 cxd4 4. Nxd4 Nf6 5. Bd3 a6 6. O-O Bc5 7. Nb3 Bb6 8. c4
Qc7 9. Nc3 O-O 10. Qe2 Nc6 11. Kh1 Ba7 12. Bg5 Bb8 13. f4 Ne8 14. Rae1 f6 15.
Bh4 b6 16. a3 Bb7 17. Bg3 Qd8 18. Qg4 Kh8 19. Re3 Rf7 20. Be1 Qc7 21. Rh3 Kg8
22. Rff3 f5 23. Qh4 g6 24. Bd2 Nd8 25. Rfg3 Kf8 26. e5 d6 27. Re3 Ba7 28. Re1
Qc6 29. Qh6+ Rg7 30. Qg5 Nf7 31. Qg3 dxe5 32. fxe5 Bb8 33. Bf1 Nf6 34. Bf4 Ng4
35. Nd4 Qd7 36. Rd1 Qe7 37. Qe1 Ba7 38. Rhd3 b5 39. cxb5 axb5 40. h3 Ngh6 41.
Bxh6 Nxh6 42. R3d2 Re8 43. Ndxb5 Bb6 44. Nd6 Rb8 45. Nc4 Ba7 46. Nd6 Bb6 47.
Bb5 Nf7 48. Nxf7 Rxf7 49. Rd7 Qc5 50. Rxf7+ Kxf7 51. b4 Qf8 52. Rd7+ Kg8 53.
Qd2 f4 54. Bf1 f3 55. Nd1 fxg2+ 56. Bxg2 Qf1+ 57. Kh2 Bg1+ 58. Kg3 Bh2+ 59.
Kxh2 Qf5 60. Bxb7 Qxe5+ 61. Kg1 Qg3+ 62. Bg2 Rf8 63. Rd3 Qe5 64. Qe3 Qf5 65.
Qxe6+ Qxe6 66. Bd5 Qxd5 67. Rxd5 Rf3 68. Kg2 Rxa3 69. b5 Ra5 70. Rd8+ Kg7 71.
b6 Ra2+ 72. Nf2 Rb2 73. Rb8 Kh6 74. b7 Kg5 75. Kg3 Rb3+ 76. Kg2 Rb2 77. Kf1
Rb1+ 78. Ke2 Rb2+ 79. Kd3 Rxf2 80. Rd8 Rf3+ 81. Kc4 Rf4+ 82. Kb5 Rf5+ 83. Kc6
Rf6+ 84. Rd6 Rf8 85. Kc7 Rf7+ 86. Rd7 Rxd7+ 87. Kxd7 Kh6 88. b8=Q g5 89. Qd6+
Kh5 90. Qg3 h6 91. Qg4+ Kg6 92. Ke6 Kg7 93. h4 h5 94. Qxg5+ Kh7 95. Kf7 1-0

[Event "DEM U10 2012"]
[Site "Oberhof GER"]
[Date "2012.05.31"]
[Round "8"]
[White "Stork, Oliver"]
[Black "Rosenhain, Rachela"]
[Result "1/2-1/2"]
[Termination "normal"]
[Board "17"]
[WhiteElo "1216"]
[BlackElo "1368"]
[PlyCount "92"]
[WhiteFideId "12955728"]
[BlackFideId "12957615"]
[EventCountry "GER"]
[EventRounds "11"]
[EventType "swiss"]
[EventDate "2012.05.26"]

1. e4 e5 2. f4 exf4 3. Nf3 Be7 4. h4 Nf6 5. Nc3 Nh5 6. d4 d5 7. Nxd5 Ng3 8.
Bxf4 Nxh1 9. Nxc7+ Kf8 10. Nxa8 Bxh4+ 11. Kd2 Nc6 12. Kc1 Bg4 13. d5 Nf2 14.
Qd2 Nxe4 15. Qe3 Nf2 16. Nxh4 Qxh4 17. Bd6+ Ne7 18. Bg3 Qf6 19. Qxf2 Nxd5 20.
Qxf6 Nxf6 21. Bc4 Ke7 22. Nc7 Rd8 23. b3 Rd1+ 24. Kb2 Rd2 25. Re1+ Kd8 26. Bh4
Kxc7 27. Bxf6 gxf6 28. Re7+ Kc6 29. Rxf7 Rxg2 30. Rxf6+ Kc5 31. Rf7 h5 32. Rxb7
h4 33. Re7 h3 34. Bf1 Rg1 35. Bxh3 Bxh3 36. Rxa7 Kb6 37. Rh7 Bf5 38. Rh6+ Kc7
39. c4 Rb1+ 40. Kc3 Rd1 41. Kb4 Bb1 42. a4 Bc2 43. a5 Rd3 44. Rh7+ Kb8 45. Rh8+
Kb7 46. Rh7+ Kb8 1/2-1/2

[Event "DEM U10 2012"]
[Site "Oberhof GER"]
[Date "2012.05.31"]
[Round "8"]
[White "Roth, Jakob"]
[Black "Arnold, Leander"]
[Result "1/2-1/2"]
[Termination "normal"]
[Board "18"]
[WhiteElo "1367"]
[BlackElo "1221"]
[PlyCount "71"]
[WhiteFideId "12952605"]
[BlackFideId "12990230"]
[EventCountry "GER"]
[EventRounds "11"]
[EventType "swiss"]
[EventDate "2012.05.26"]

1. b3 e5 2. Bb2 Nc6 3. e3 Nf6 4. Bb5 d6 5. Ne2 a6 6. Bxc6+ bxc6 7. f4 exf4 8.
Nxf4 Bg4 9. Qc1 Be7 10. Nc3 O-O 11. Nce2 Nd5 12. Nxd5 cxd5 13. Nf4 c6 14. h3
Bh4+ 15. Kf1 Bf5 16. d3 Qg5 17. Qd1 Qg3 18. Qf3 Qg5 19. Nh5 f6 20. Nf4 Bg3 21.
Ne2 Be5 22. d4 Bxc2 23. Ke1 Be4 24. Qf2 Qxg2 25. Qxg2 Bxg2 26. Rg1 Bxh3 27.
dxe5 dxe5 28. Rc1 Rac8 29. Rc5 Bd7 30. Ba3 Rfe8 31. Ng3 f5 32. Nh5 Re7 33. Ra5
Rf7 34. Rxa6 g6 35. Ra7 Be8 36. Rxf7 1/2-1/2

[Event "DEM U10 2012"]
[Site "Oberhof GER"]
[Date "2012.05.31"]
[Round "8"]
[White "Demme, Miriam"]
[Black "Roseneck, Jonas"]
[Result "0-1"]
[Termination "normal"]
[Board "19"]
[WhiteElo "1207"]
[BlackElo "1342"]
[PlyCount "44"]
[WhiteFideId "12966703"]
[BlackFideId "12939870"]
[EventCountry "GER"]
[EventRounds "11"]
[EventType "swiss"]
[EventDate "2012.05.26"]

1. e4 c5 2. d4 cxd4 3. c3 dxc3 4. Nxc3 d6 5. Bc4 e6 6. Nf3 Be7 7. O-O Nf6 8.
Be3 a6 9. a4 O-O 10. Qc2 Nc6 11. Rfd1 Qc7 12. Rac1 Bd7 13. Bf4 Rfd8 14. Re1 Nh5
15. Bg5 Bxg5 16. Nxg5 h6 17. Nh3 Rac8 18. Qe2 Nf6 19. Rb1 Nd4 20. Qd3 Qxc4 21.
Qd1 e5 22. Kh1 Qc7 0-1

[Event "DEM U10 2012"]
[Site "Oberhof GER"]
[Date "2012.05.31"]
[Round "8"]
[White "Merk, Daniel"]
[Black "Dobrikov, Marco"]
[Result "0-1"]
[Termination "normal"]
[Board "20"]
[WhiteElo "1312"]
[BlackElo "1217"]
[PlyCount "36"]
[WhiteFideId "12938386"]
[BlackFideId "12950378"]
[EventCountry "GER"]
[EventRounds "11"]
[EventType "swiss"]
[EventDate "2012.05.26"]

1. e4 e5 2. Nf3 Nc6 3. Bb5 a6 4. Bxc6 dxc6 5. O-O Bg4 6. a3 a5 7. d3 Qf6 8.
Nbd2 Ne7 9. b3 O-O-O 10. Bb2 Ng6 11. h3 h5 12. hxg4 hxg4 13. Nh2 Qh4 14. Qxg4+
Kb8 15. Qxh4 Rxh4 16. Nhf3 Rh5 17. Nc4 Nf4 18. Bxe5 Ne2# 0-1

[Event "DEM U10 2012"]
[Site "Oberhof GER"]
[Date "2012.05.31"]
[Round "8"]
[White "Stirnberg, Noah"]
[Black "Preißler, Niklas"]
[Result "0-1"]
[Termination "normal"]
[Board "21"]
[WhiteElo "1145"]
[BlackElo "1393"]
[PlyCount "40"]
[WhiteFideId "16207742"]
[BlackFideId "12927554"]
[EventCountry "GER"]
[EventRounds "11"]
[EventType "swiss"]
[EventDate "2012.05.26"]

1. e4 c5 2. d4 cxd4 3. Qxd4 Nc6 4. Qe3 Nf6 5. Nc3 d6 6. f3 a6 7. Bd2 e6 8.
O-O-O Be7 9. h3 b5 10. f4 Qc7 11. Be1 Bb7 12. Nf3 Nd7 13. Nd4 Nxd4 14. Qxd4 Rc8
15. Bd3 O-O 16. g4 d5 17. Qf2 b4 18. Nb1 dxe4 19. Bxe4 Bxe4 20. Rh2 Bd6 0-1

[Event "DEM U10 2012"]
[Site "Oberhof GER"]
[Date "2012.05.31"]
[Round "8"]
[White "Meyling, Lennart"]
[Black "Kück, Artur"]
[Result "1-0"]
[Termination "normal"]
[Board "22"]
[WhiteElo "1572"]
[BlackElo "1212"]
[PlyCount "29"]
[WhiteFideId "12947130"]
[BlackFideId "12965120"]
[EventCountry "GER"]
[EventRounds "11"]
[EventType "swiss"]
[EventDate "2012.05.26"]

1. e4 c5 2. Nc3 Nc6 3. f4 g6 4. Nf3 Bg7 5. Bc4 e6 6. O-O Nge7 7. d3 d6 8. Qe1
O-O 9. f5 exf5 10. Qh4 fxe4 11. Ng5 h6 12. Nxf7 Qc7 13. Nxh6+ Kh7 14. Nf5+ Bh6
15. Qxh6# 1-0

[Event "DEM U10 2012"]
[Site "Oberhof GER"]
[Date "2012.05.31"]
[Round "8"]
[White "Becker, Silke"]
[Black "Fischer, Elias"]
[Result "1/2-1/2"]
[Termination "normal"]
[Board "23"]
[WhiteElo "1222"]
[BlackElo "1377"]
[PlyCount "52"]
[WhiteFideId "12966452"]
[BlackFideId "12963305"]
[EventCountry "GER"]
[EventRounds "11"]
[EventType "swiss"]
[EventDate "2012.05.26"]

1. e4 e5 2. Bc4 Nf6 3. d3 Nc6 4. Nc3 Bc5 5. f4 exf4 6. Bxf4 d6 7. Na4 Bb6 8.
Nxb6 axb6 9. c3 Qe7 10. Qe2 Be6 11. Bxe6 Qxe6 12. Nf3 Rxa2 13. O-O O-O 14. Ng5
Qb3 15. Rxa2 Qxa2 16. d4 h6 17. Nf3 Re8 18. Re1 Rxe4 19. Qd2 Rxe1+ 20. Nxe1 Qb1
21. Bg3 Ne4 22. Qe2 Nxg3 23. hxg3 Kh7 24. Kf2 g5 25. Nd3 d5 26. Qf3 Qc2+
1/2-1/2

[Event "DEM U10 2012"]
[Site "Oberhof GER"]
[Date "2012.05.31"]
[Round "8"]
[White "Faal, Marcel"]
[Black "Staufenberger, Philipp"]
[Result "1-0"]
[Termination "normal"]
[Board "24"]
[WhiteElo "1169"]
[BlackElo "1234"]
[PlyCount "111"]
[WhiteFideId "1271978"]
[BlackFideId "12970883"]
[EventCountry "GER"]
[EventRounds "11"]
[EventType "swiss"]
[EventDate "2012.05.26"]

1. e4 e6 2. d4 d5 3. Nc3 dxe4 4. Nxe4 Bd7 5. Nf3 Bc6 6. Nc3 Bb4 7. Bd2 Nf6 8.
g3 Nbd7 9. Bg2 O-O 10. O-O Nb6 11. Ne4 Nbd5 12. Bxb4 Nxb4 13. Nc3 Ne4 14. Nxe4
Bxe4 15. c3 Nd5 16. Re1 Bg6 17. Ne5 Qf6 18. Nd7 Qe7 19. Nxf8 Rxf8 20. Bxd5 Qd7
21. Bxb7 Qb5 22. Be4 Qxb2 23. Bxg6 fxg6 24. Qe2 Qxc3 25. Qxe6+ Kh8 26. Qe8 Kg8
27. Qe6+ Kh8 28. Qe3 Qb2 29. Qe8 Kg8 30. Qe3 Kh8 31. Reb1 Qc2 32. Rb3 Qf5 33.
Rab1 Kg8 34. Rb8 h6 35. Rxf8+ Kxf8 36. Qf4 Ke7 37. Qxf5 gxf5 38. Rb7 Kd6 39.
Rxa7 Kd5 40. Rxc7 Kxd4 41. Rxg7 Kc3 42. a4 Kb4 43. Rf7 Kxa4 44. Rxf5 Kb4 45.
Rd5 Kc4 46. Rd8 Kc5 47. f4 Kc6 48. f5 Kc7 49. Rd1 Kc6 50. f6 Kc5 51. f7 Kc4 52.
f8=Q h5 53. Qc8+ Kb3 54. Rb1+ Ka2 55. Rb8 h4 56. Qa6# 1-0

[Event "DEM U10 2012"]
[Site "Oberhof GER"]
[Date "2012.05.31"]
[Round "8"]
[White "Wastian, Mareike"]
[Black "Santos, Leonardo"]
[Result "0-1"]
[Termination "normal"]
[Board "25"]
[WhiteElo "1174"]
[BlackElo "1189"]
[PlyCount "80"]
[WhiteFideId "12947423"]
[BlackFideId "12965049"]
[EventCountry "GER"]
[EventRounds "11"]
[EventType "swiss"]
[EventDate "2012.05.26"]

1. e4 d6 2. d4 Nf6 3. Nc3 g6 4. Nf3 Bg7 5. Bc4 O-O 6. Be3 c6 7. O-O b5 8. Bd3
Nbd7 9. Qd2 Ng4 10. Bf4 e5 11. dxe5 Ngxe5 12. Be2 Nxf3+ 13. Bxf3 Ne5 14. Be2
Qe7 15. Rad1 Rd8 16. Bg5 f6 17. Bh4 h5 18. Bg3 Qf7 19. h3 Be6 20. Rfe1 a5 21.
a3 Rd7 22. Qe3 Rb8 23. b4 a4 24. Nb1 g5 25. Nd2 g4 26. h4 Rbb7 27. Rc1 d5 28.
Rcd1 d4 29. Qf4 Ng6 30. Bd3 Nxf4 31. Bxf4 Re7 32. Bg3 f5 33. e5 f4 34. Bh2 Bd5
35. Nb1 Rxe5 36. Kh1 Rbe7 37. Rf1 Qf6 38. Nd2 Qxh4 39. Nb1 g3 40. Nd2 Qxh2# 0-1

[Event "DEM U10 2012"]
[Site "Oberhof GER"]
[Date "2012.05.31"]
[Round "8"]
[White "Lindow, Max"]
[Black "Flach, Helene"]
[Result "0-1"]
[Termination "normal"]
[Board "26"]
[WhiteElo "1128"]
[BlackElo "974"]
[PlyCount "126"]
[WhiteFideId "16211057"]
[BlackFideId "12929735"]
[EventCountry "GER"]
[EventRounds "11"]
[EventType "swiss"]
[EventDate "2012.05.26"]

1. e4 e5 2. Nf3 Nc6 3. d4 Be7 4. dxe5 d6 5. Nc3 Nxe5 6. Nxe5 dxe5 7. Qxd8+ Bxd8
8. Bc4 Nf6 9. O-O O-O 10. f4 exf4 11. Rxf4 Be6 12. e5 Nd7 13. Bxe6 fxe6 14. Re4
c6 15. Bd2 Bc7 16. Rae1 Rf7 17. Nd1 Raf8 18. Be3 a6 19. Bd4 b5 20. b3 Rf5 21.
h3 Rf4 22. Nf2 c5 23. Rxf4 Rxf4 24. Bb2 Rf5 25. Nd3 c4 26. bxc4 bxc4 27. Nb4 a5
28. Nc6 Kf8 29. g4 Bb6+ 30. Kh1 Rf3 31. Ba3+ Rxa3 32. Rf1+ Ke8 33. Rb1 Rxa2 34.
Nb8 Bc7 35. Na6 Bxe5 36. Rc1 Ra1 37. Rxa1 Bxa1 38. Nc7+ Ke7 39. Nb5 Kf6 40. Na3
Nb6 41. Kg2 Ke5 42. Kf3 g5 43. Nb5 Bb2 44. Ke3 a4 45. Kd2 Kf4 46. Ke2 Kg3 47.
Kf1 Kxh3 48. Kf2 Kxg4 49. Ke3 Kg3 50. Ke2 Kg2 51. Ke3 h5 52. Ke2 h4 53. c3 h3
54. Ke3 h2 55. Kd4 h1=Q 56. Kc5 a3 57. Nxa3 Bxa3+ 58. Kxb6 Qd1 59. Kb5 Bb2 60.
Kxc4 Bxc3 61. Kb5 Bf6 62. Kb4 Qc2 63. Ka3 Be7# 0-1

[Event "DEM U10 2012"]
[Site "Oberhof GER"]
[Date "2012.05.31"]
[Round "8"]
[White "Huber, Benedikt"]
[Black "Pantsernaya, Sofya"]
[Result "1-0"]
[Termination "normal"]
[Board "27"]
[WhiteElo "1121"]
[BlackElo "953"]
[PlyCount "105"]
[WhiteFideId "12923583"]
[BlackFideId "12993182"]
[EventCountry "GER"]
[EventRounds "11"]
[EventType "swiss"]
[EventDate "2012.05.26"]

1. d4 Nf6 2. Bf4 e6 3. e3 Be7 4. Nf3 O-O 5. c4 b6 6. Nc3 Bb7 7. Bd3 d5 8. cxd5
exd5 9. O-O c5 10. dxc5 bxc5 11. Be2 Nbd7 12. Rc1 Nb6 13. Qb3 c4 14. Qc2 Bd6
15. Bxd6 Qxd6 16. Nd4 Rfe8 17. Qf5 Bc8 18. Qc2 Ng4 19. Nf3 Qh6 20. Rfd1 Re5 21.
h3 Rh5 22. Nh2 Nxe3 23. fxe3 Qxe3+ 24. Kh1 Rh4 25. Bf3 Bb7 26. Nxd5 Qh6 27.
Ne7+ Kf8 28. Nf5 Qg5 29. Nxh4 Qxh4 30. Bxb7 Rb8 31. Bf3 Re8 32. Qd2 Nc8 33. Bc6
Rd8 34. Qxd8+ Qxd8 35. Rxd8+ Ke7 36. Rxc8 Kd6 37. Rd1+ Ke6 38. Ra8 g5 39. Rxa7
f5 40. Rxh7 f4 41. a4 f3 42. Nxf3 g4 43. a5 c3 44. bxc3 g3 45. Rh8 Kf5 46. a6
Kf4 47. Re1 Kf5 48. Rf8+ Kg6 49. Re4 Kg7 50. a7 Kxf8 51. a8=Q+ Kg7 52. Qb7+ Kg8
53. Re8# 1-0

[Event "DEM U10 2012"]
[Site "Oberhof GER"]
[Date "2012.05.31"]
[Round "8"]
[White "Brehm, Mirja"]
[Black "Bykov, Ilona"]
[Result "0-1"]
[Termination "normal"]
[Board "28"]
[WhiteElo "1097"]
[BlackElo "937"]
[PlyCount "62"]
[BlackFideId "12964433"]
[EventCountry "GER"]
[EventRounds "11"]
[EventType "swiss"]
[EventDate "2012.05.26"]

1. e4 e5 2. Nf3 Nc6 3. Bc4 Bc5 4. Nc3 Nf6 5. d3 h6 6. Be3 Bb6 7. O-O d6 8. h3
Be6 9. Bb3 Bxb3 10. axb3 d5 11. exd5 Nxd5 12. Bxb6 cxb6 13. Re1 Qd6 14. d4 Nf4
15. Ne4 Qg6 16. Ng3 O-O 17. dxe5 h5 18. Qd2 Ne6 19. b4 Rad8 20. Qc3 b5 21. Rad1
Ng5 22. Nxg5 Qxg5 23. Rxd8 Rxd8 24. Qe3 Qg6 25. Qe4 Qe6 26. Nxh5 Rd4 27. Qe3
Rxb4 28. Qg3 g6 29. Nf6+ Kg7 30. Nh5+ Kf8 31. Nf6 Rxb2 0-1

[Event "DEM U10 2012"]
[Site "Oberhof GER"]
[Date "2012.05.31"]
[Round "8"]
[White "Voß, Henrike"]
[Black "Schulze, Nick"]
[Result "1-0"]
[Termination "normal"]
[Board "29"]
[WhiteElo "1002"]
[BlackElo "1072"]
[PlyCount "59"]
[WhiteFideId "12971910"]
[BlackFideId "12971847"]
[EventCountry "GER"]
[EventRounds "11"]
[EventType "swiss"]
[EventDate "2012.05.26"]

1. e4 e5 2. Nf3 Nc6 3. Bc4 Bc5 4. b4 Bxb4 5. c3 Bc5 6. d4 exd4 7. cxd4 Bb4+ 8.
Bd2 Bxd2+ 9. Nbxd2 d6 10. O-O Nf6 11. Qb3 d5 12. exd5 Na5 13. Qb5+ c6 14. Rfe1+
Kf8 15. Qc5+ Kg8 16. dxc6 Nxc6 17. Ng5 Qd7 18. Bxf7+ Qxf7 19. Nxf7 Kxf7 20. d5
Bd7 21. dxc6 Bxc6 22. Nc4 Kg8 23. Nd6 h6 24. Qc4+ Kh7 25. Re7 Bd5 26. Qd3+ Kg8
27. Qg6 Rh7 28. Nf5 Kf8 29. Rae1 Rc8 30. Nd6 1-0

[Event "DEM U10 2012"]
[Site "Oberhof GER"]
[Date "2012.05.31"]
[Round "8"]
[White "Pfreundt, Mathis"]
[Black "Grey, Andrea"]
[Result "1-0"]
[Termination "normal"]
[Board "30"]
[WhiteElo "1035"]
[BlackElo "855"]
[PlyCount "63"]
[WhiteFideId "12967092"]
[BlackFideId "12971880"]
[EventCountry "GER"]
[EventRounds "11"]
[EventType "swiss"]
[EventDate "2012.05.26"]

1. e4 e5 2. Nf3 Nc6 3. Bc4 Bc5 4. c3 Nf6 5. d3 d6 6. Bb3 Bg4 7. Nbd2 Qe7 8. Nf1
O-O-O 9. Ne3 Be6 10. Nd5 Qd7 11. Ne3 Bxb3 12. Qxb3 Ne8 13. Ng5 Rf8 14. Qc2 h6
15. Nf3 g5 16. b4 Bxe3 17. Bxe3 f5 18. a4 f4 19. Bc1 Qg4 20. Rg1 Nf6 21. a5 Qh5
22. h3 Rg8 23. b5 Ne7 24. Qb3 Nd7 25. Qc4 Kb8 26. d4 exd4 27. Qxd4 Rde8 28. Ba3
Kc8 29. Qxa7 c6 30. Bxd6 Kd8 31. Qxb7 cxb5 32. Qc7# 1-0

[Event "DEM U10 2012"]
[Site "Oberhof GER"]
[Date "2012.05.31"]
[Round "8"]
[White "Bürmann, Theresia"]
[Black "Baladjaev, Leyla"]
[Result "0-1"]
[Termination "normal"]
[Board "32"]
[WhiteElo "981"]
[BlackElo "1113"]
[PlyCount "146"]
[WhiteFideId "12960241"]
[BlackFideId "12960217"]
[EventCountry "GER"]
[EventRounds "11"]
[EventType "swiss"]
[EventDate "2012.05.26"]

1. e4 e5 2. Nf3 Nc6 3. Bc4 Be7 4. O-O Nf6 5. d3 O-O 6. Nc3 d6 7. Be3 Bg4 8. h3
Bh5 9. Nd5 Nxd5 10. Bxd5 Qd7 11. Bxc6 Qxc6 12. Qe2 Bxf3 13. gxf3 Qd7 14. Kh2 f5
15. Rg1 f4 16. Bd2 c6 17. Qf1 d5 18. Qg2 g6 19. Qg4 Qxg4 20. fxg4 Rad8 21. Bc3
dxe4 22. dxe4 Bf6 23. Rad1 Bg7 24. Rxd8 Rxd8 25. Rc1 Kf7 26. a3 c5 27. Rb1 Rd6
28. b4 Rb6 29. Rb3 cxb4 30. Rxb4 Rxb4 31. Bxb4 Ke6 32. Kg2 Kd7 33. Kf3 Kc6 34.
Ke2 Kb5 35. Kd3 Ka4 36. Kc4 b5+ 37. Kd5 a5 38. Bd2 Kxa3 39. Bxa5 Kb2 40. c3 Kb3
41. Bb4 Kc2 42. c4 bxc4 43. Kxc4 Kd1 44. Bc5 Ke2 45. Kd5 Kf3 46. Ke6 Kxe4 47.
Kf7 Bh6 48. h4 Kd5 49. Ba7 g5 50. h5 Ke4 51. Ke6 Kf3 52. Kxe5 Kxg4 53. Ke4 Kxh5
54. Kf3 Kh4 55. Kg2 Bf8 56. Kh2 h5 57. f3 g4 58. fxg4 hxg4 59. Bf2+ g3+ 60. Kg2
gxf2 61. Kxf2 Kg4 62. Kg2 f3+ 63. Kf2 Bc5+ 64. Kf1 Kg3 65. Ke1 Kg2 66. Kd2 f2
67. Kc3 f1=Q 68. Kb3 Qf4 69. Kc3 Qd4+ 70. Kb3 Qd3+ 71. Ka4 Qc4+ 72. Ka5 Qb4+
73. Ka6 Qb6# 0-1

[Event "DEM U10 2012"]
[Site "Oberhof GER"]
[Date "2012.05.31"]
[Round "8"]
[White "Kobald, Jacqueline"]
[Black "Könze, Heike"]
[Result "0-1"]
[Termination "normal"]
[Board "33"]
[WhiteElo "926"]
[BlackElo "1172"]
[PlyCount "134"]
[WhiteFideId "12988162"]
[BlackFideId "12964476"]
[EventCountry "GER"]
[EventRounds "11"]
[EventType "swiss"]
[EventDate "2012.05.26"]

1. e4 e6 2. d4 d5 3. Nc3 dxe4 4. Nxe4 Bd7 5. Nf3 Bc6 6. Nc3 Bb4 7. a3 Ba5 8. b4
Bb6 9. Ne2 Bxf3 10. gxf3 Nc6 11. c3 Nf6 12. Bg5 h6 13. Bh4 g5 14. Bg3 a6 15.
Nc1 h5 16. h3 Rg8 17. Be2 Qd5 18. Rg1 O-O-O 19. Bh2 Rge8 20. Nb3 Nh7 21. Rb1 f5
22. Kf1 Rg8 23. a4 Nf6 24. Na1 Rg6 25. Nc2 Rdg8 26. Ne3 Qd7 27. Ke1 Qg7 28. Rg2
g4 29. h4 gxf3 30. Rxg6 fxe2 31. Rxg7 exd1=Q+ 32. Rxd1 Rxg7 33. a5 Ba7 34. f3
Ne7 35. Rd2 c6 36. Ra2 Ned5 37. Nd1 Ne8 38. Be5 Rg8 39. Ke2 Rg2+ 40. Nf2 Nxc3+
41. Kf1 Nxa2 42. Kxg2 Nxb4 43. Kf1 Nc2 44. Ke2 Nxd4+ 45. Kd3 Nxf3 46. Bg3 f4
47. Bxf4 Bxf2 48. Ke2 Bxh4 49. Kxf3 c5 50. Be5 c4 51. Ke2 Bf6 52. Bg3 Bc3 53.
Ke3 Bxa5 54. Kd4 b5 55. Ke3 b4 56. Be1 c3 57. Kd3 h4 58. Kc2 h3 59. Bg3 Bc7 60.
Bxc7 Nxc7 61. Kb3 Nd5 62. Kc2 h2 63. Kb3 h1=Q 64. Kc4 c2 65. Kc5 c1=Q+ 66. Kd6
Qh5 67. Kxe6 Qc6# 0-1